000 00284nam a2200109Ia 4500
008 190216s9999||||xx |||||||||||||| ||und||
100 _aReddin J
245 0 _aEffective Management By Objectives
260 _bTata Mcgraw Hill Publishing Company Ltd
_c1976
300 _a224p
942 _cBK
999 _c4116
_d4116